Demodulador DPSK
Gespeichert in:
| 1. Verfasser: | |
|---|---|
| Format: | Buch |
| Veröffentlicht: |
[San José , Costa Rica]
1984
|
| Schlagworte: | |
| Tags: |
Tag hinzufügen
Keine Tags, Fügen Sie den ersten Tag hinzu!
|
MARC
| LEADER | 00000nam a2200000Ia 4500 | ||
|---|---|---|---|
| 003 | 002674 | ||
| 005 | 20221231144406.0 | ||
| 008 | 140114s1984 cr a m 000 ||s d | ||
| 040 | |c cru CEDI | ||
| 090 | |a TFG 1603 | ||
| 100 | |a Porras Calderón, Edgardo |9 3802 | ||
| 245 | |a Demodulador DPSK | ||
| 260 | |c 1984 |a [San José , Costa Rica] | ||
| 300 | |a 66 hojas. | ||
| 500 | |a Proyecto de graduación (bachillerato en ingeniería eléctrica)--Universidad de Costa Rica. Facultad de Ingeniería. Escuela de Ingeniería Eléctrica | ||
| 650 | |x PROCESAMIENTO DE SEÑALES |x COMUNICACIONES DIGITALES |9 8736 | ||
| 942 | |c TFG | ||
| 999 | |c 21209 |d 21209 | ||
